000 00281nam a2200121Ia 4500
008 190216s9999||||xx |||||||||||||| ||und||
100 _aCarl L Wilson & Waltor E Loomis
245 0 _aBotany
260 _bOxford & I B H
_c1952
300 _a626p
650 _aBotany
942 _cBK
999 _c1093
_d1093